Approach to teaching academic writing to university researchers: case study of a Russian university; Journal of Teaching English for Specific and Academic Purposes; Vol. 4, № 3

Bibliographic Details
Parent link:Journal of Teaching English for Specific and Academic Purposes
Vol. 4, № 3.— 2016.— [P. 491-504]
Main Author: Goryanova L. N. Lyubov Nikolaevna
Corporate Author: Национальный исследовательский Томский политехнический университет (ТПУ) Институт социально-гуманитарных технологий (ИСГТ) Кафедра организации и технологии высшего профессионального образования (ОТВПО)
Other Authors: Sinclair Ch. Chris
Summary:Title screen
Since 2014, academics at Tomsk Polytechnic University (TPU) have had a pressingrequirement to publish their research in English language journals to enhance their globalcompetitiveness. However, the majority of university’s researchers lack the necessary skills ofacademic writing. This problem is aggravated by effective contracts which oblige employeesto publish yearly. To help our colleagues meet this requirement at work, we have developed acomprehensive advanced training course “Writing for Publication”. In this paper, we reporthow our approach to teaching has developed since the first implementation of the course to itssecond delivery. The underlying principle for modifying the learning and teaching has beenthe analysis of participants’ responses to the feedback questionnaire. This is considered aneffective means of maximising the effectiveness of the course and satisfying learners’ needsand expectations as much as possible in the given reality.
Language:English
Published: 2016
Subjects:
Online Access:http://dx.doi.org/10.22190/JTESAP1603491G
Format: MixedMaterials Electronic Book Chapter
KOHA link:https://koha.lib.tpu.ru/cgi-bin/koha/opac-detail.pl?biblionumber=657878

MARC

LEADER 00000naa0a2200000 4500
001 657878
005 20250123155611.0
035 |a (RuTPU)RU\TPU\network\24699 
090 |a 657878 
100 |a 20180328d2016 k||y0engy50 ba 
101 0 |a eng 
135 |a drcn ---uucaa 
181 0 |a i  
182 0 |a b 
200 1 |a Approach to teaching academic writing to university researchers: case study of a Russian university  |f L. N. Goryanova, Ch. Sinclair 
203 |a Text  |c electronic 
300 |a Title screen 
320 |a [References: p. 504 (8 tit.)] 
330 |a Since 2014, academics at Tomsk Polytechnic University (TPU) have had a pressingrequirement to publish their research in English language journals to enhance their globalcompetitiveness. However, the majority of university’s researchers lack the necessary skills ofacademic writing. This problem is aggravated by effective contracts which oblige employeesto publish yearly. To help our colleagues meet this requirement at work, we have developed acomprehensive advanced training course “Writing for Publication”. In this paper, we reporthow our approach to teaching has developed since the first implementation of the course to itssecond delivery. The underlying principle for modifying the learning and teaching has beenthe analysis of participants’ responses to the feedback questionnaire. This is considered aneffective means of maximising the effectiveness of the course and satisfying learners’ needsand expectations as much as possible in the given reality. 
461 |t Journal of Teaching English for Specific and Academic Purposes 
463 |t Vol. 4, № 3  |v [P. 491-504]  |d 2016 
610 1 |a электронный ресурс 
610 1 |a труды учёных ТПУ 
610 1 |a преподавание 
610 1 |a академическое письмо 
610 1 |a исследователи 
610 1 |a университеты 
610 1 |a кейс-стади 
700 1 |a Goryanova  |b L. N.  |c Linguist  |c Associate Professor of Tomsk Polytechnic University, Candidate of philological sciences  |f 1986-  |g Lyubov Nikolaevna  |3 (RuTPU)RU\TPU\pers\35553 
701 1 |a Sinclair  |b Ch.  |g Chris 
712 0 2 |a Национальный исследовательский Томский политехнический университет (ТПУ)  |b Институт социально-гуманитарных технологий (ИСГТ)  |b Кафедра организации и технологии высшего профессионального образования (ОТВПО)  |3 (RuTPU)RU\TPU\col\19273 
801 2 |a RU  |b 63413507  |c 20180328  |g RCR 
856 4 |u http://dx.doi.org/10.22190/JTESAP1603491G 
942 |c CF